00381cam a22001334a 4500020001500000082001200015245004800027250001200075260004800087300005300135500002000188650001600208700002300224 a007298943200a657 FUN00aFundamental financial accounting concepts / a5th ed. aBoston, Mass. :bMcGraw-Hill Irwin,cc2006. axxx, 671 p. :bcol. ill. ;e1 CD-ROM (4 3/4 in.) aIncludes index. 0aAccounting.1 aEdmonds, Thomas P.